<?xml version="1.0" encoding="UTF-8"?>
<record
    xmlns:xsi="http://www.w3.org/2001/XMLSchema-instance"
    xsi:schemaLocation="http://www.loc.gov/MARC21/slim http://www.loc.gov/standards/marcxml/schema/MARC21slim.xsd"
    xmlns="http://www.loc.gov/MARC21/slim">

  <leader>01527nab a2200205uuc4500</leader>
  <controlfield tag="001">1036568</controlfield>
  <controlfield tag="005">20240521090610.0</controlfield>
  <controlfield tag="008">070712s2004                        spa  </controlfield>
  <datafield tag="035" ind1=" " ind2=" ">
    <subfield code="a">1036568</subfield>
  </datafield>
  <datafield tag="035" ind1=" " ind2=" ">
    <subfield code="a">(OCoLC)820198272</subfield>
  </datafield>
  <datafield tag="040" ind1=" " ind2=" ">
    <subfield code="c">comduadb</subfield>
  </datafield>
  <datafield tag="041" ind1=" " ind2=" ">
    <subfield code="a">spa</subfield>
  </datafield>
  <datafield tag="100" ind1="1" ind2="0">
    <subfield code="a">Borzone de Manrique, Ana Maria</subfield>
    <subfield code="4">aut</subfield>
    <subfield code="e">aut</subfield>
    <subfield code="9">477349</subfield>
  </datafield>
  <datafield tag="245" ind1="1" ind2="3">
    <subfield code="a">La incidencia de la ense&#xF1;anza de distintos tipos de letras sobre los procesos tempranos de aprendizaje de la lectura y de la escritura</subfield>
  </datafield>
  <datafield tag="520" ind1="3" ind2=" ">
    <subfield code="a">El presente trabajo tiene por objeto explorar la relaci&#xF3;n entre la ense&#xF1;anza de distintos tipos de letras y l aprendizaje inicial de la lectura y de la escritura. Los estudios cognitivos han encontrado una relaci&#xF3;n causal entre la adquisici&#xF3;n de habilidades inferiores como el trazado manual y el aprendizaje perceptivo y el aprendizaje inicial de la escritura y de la lectura. Este estudio  evalu&#xF3; a 74 ni&#xF1;os al final de primer grado de EGBI en lectura de palabras, escritura de palabras y reescritura de un cuento. Participaron cuatro grupos de ni&#xF1;os; dos de estos grupos aprendieron a leer y a escribir usando solamente letra cursiva y a leer como imprenta min&#xFA;scula. La comparaci&#xF3;n no permiti&#xF3; obtener evidencia a favor de la ense&#xF1;anza de la lectura y la escritura en primer grado con un solo tipo de letra. </subfield>
  </datafield>
  <datafield tag="650" ind1=" " ind2="7">
    <subfield code="a">Escritura</subfield>
    <subfield code="x">Ense&#xF1;anza</subfield>
    <subfield code="2">lemb</subfield>
    <subfield code="9">165056</subfield>
  </datafield>
  <datafield tag="700" ind1="1" ind2="0">
    <subfield code="a">Yaussaz, Fabian</subfield>
    <subfield code="4">aut</subfield>
    <subfield code="e">aut</subfield>
    <subfield code="9">437477</subfield>
  </datafield>
  <datafield tag="773" ind1="0" ind2=" ">
    <subfield code="t">Revista Irice</subfield>
    <subfield code="g">No. 18, Sep. 2004, p. 69-90</subfield>
    <subfield code="w">971486</subfield>
    <subfield code="z">0327392X</subfield>
    <subfield code="0">379173</subfield>
  </datafield>
  <datafield tag="942" ind1=" " ind2=" ">
    <subfield code="c">ARIMP</subfield>
  </datafield>
  <datafield tag="999" ind1=" " ind2=" ">
    <subfield code="c">422425</subfield>
    <subfield code="d">422425</subfield>
  </datafield>
</record>
